000
00255nam a2200097Ia 4500
001
1196819
005
20250827021814.0
008
250824s9999 xx 000 0 und d
245
0
_a
EN GÜZEL İSİMLER ALLAHINDIR
_c
UĞUR KOŞAR
260
_b
DESTEK YAYINLARI
999
_c
1196819
_d
1196819